[Event "CHN-ch Open 2019"]
[Site "Xinghua"]
[Date "2019.05.20"]
[Round "9.5"]
[White "Peng, Xiongjian"]
[Black "Li, Shilong"]
[Result "1-0"]
[WhiteElo "2451"]
[BlackElo "2507"]
[Annotator "TA"]
[PlyCount "83"]
[EventDate "2019.05.11"]
[EventType "tourn"]
[EventCountry "CHN"]
[SourceTitle "playchess.com"]
[Source "ChessBase"]
[SourceQuality "1"]

{[%evp 14,101,17,18,20,22,10,8,7,0,24,11,35,18,95,82,83,84,99,73,93,106,108,100,109,106,103,104,114,111,116,114,99,102,125,116,150,152,161,159,162,159,169,169,161,163,163,159,167,154,146,150,119,116,116,118,122,121,121,121,315,269,560,542,870,833,716,682,1674,1677,2773,670,1709,506,4586,29968,29971,29971,29980,29977,29977,29978,29977,29979,29969,29970,29988,29989,29989,29990]} 1. d4 Nf6 2. Nf3 g6 3. g3 Bg7 4. Bg2 O-O 5. O-O d6 6. b3 e5 7. dxe5 dxe5 8. Ba3 Qxd1 {A49: 1 d4 Nf6 2 Nf3 g6 3 g3: Anti-King's Indian systems} 9. Rxd1 Re8 10. c4 e4 {The position is equal.} 11. Nd4 $1 e3 {Strongly threatening ...exf2+.} 12. f3 Bd7 $146 ({Predecessor:} 12... Na6 13. Nc3 c6 14. Rac1 h5 15. h4 Bf8 16. Bxf8 Kxf8 {½-½ (47) Vidit,S (2693)-Le,Q (2739) Tbilisi 2017}) 13. Nc3 $36 {[%mdl 2048] Black is under pressure.} Nc6 (13... a5 $11 {remains equal.}) 14. Nxc6 $16 Bxc6 15. Rac1 a6 16. Nd5 Bxd5 17. cxd5 Rad8 18. f4 $1 (18. Rxc7 $6 Nxd5 19. Rxb7 Nc3 $11) 18... Rd7 19. d6 cxd6 20. Rxd6 Bf8 21. Rxd7 Bxa3 22. Rdc7 {And now R1c2 would win.} Bxc1 23. Rxc1 {[%mdl 4096] Endgame KRB-KRN} Ne4 24. Rc4 f5 25. Bxe4 fxe4 {KR-KR} 26. Rc3 b5 27. a3 a5 28. Rxe3 b4 29. axb4 axb4 {[#]} 30. g4 $1 Kg7 31. Kf2 h6 32. Rg3 Rc8 33. Ke3 Rc2 34. Rg2 ({Of course not} 34. Kxe4 $6 Rxe2+ 35. Re3 Rxh2 $11) 34... Rc3+ 35. Kxe4 Rxb3 {[#]} 36. e3 $1 Kf6 $2 (36... Ra3 $16 37. Rb2 b3) 37. Rd2 $18 Ke6 $2 (37... Ke7 38. Rc2 Kd6) 38. f5+ gxf5+ 39. gxf5+ Ke7 40. Rd4 Rb1 {If Black can now play ...b3 this consolidates a bit.} 41. Ke5 b3 42. f6+ {Played: Rd4-b4} 1-0

[Event "CHN-ch Open 2019"]
[Site "Xinghua"]
[Date "2019.05.20"]
[Round "9.6"]
[White "Xu, Xiangyu"]
[Black "Xu, Yi"]
[Result "1-0"]
[WhiteElo "2583"]
[BlackElo "2546"]
[Annotator "TA"]
[PlyCount "143"]
[EventDate "2019.05.11"]
[EventType "tourn"]
[EventCountry "CHN"]
[SourceTitle "playchess.com"]
[Source "ChessBase"]
[SourceQuality "1"]

{[%evp 16,143,14,17,22,0,8,21,18,11,17,14,34,29,66,69,69,62,64,62,71,68,71,65,79,64,96,71,63,50,59,50,50,48,95,89,84,68,89,76,103,85,111,100,118,113,122,121,150,105,114,100,109,93,101,99,105,81,89,85,75,77,109,66,66,60,60,60,60,60,53,51,77,77,135,106,159,89,254,124,124,124,404,404,404,393,326,309,404,404,292,212,876,864,843,816,784,484,431,424,746,724,690,374,379,181,133,0,386,291,334,308,814,816,549,282,282,260,834,655,1170,1622,861,861,29968,29970,29986,29987,29993,29994]} 1. Nf3 d5 2. d4 Nf6 3. c4 e6 4. Nc3 Bb4 5. Bg5 h6 6. Bxf6 Qxf6 7. Qb3 c5 8. cxd5 exd5 9. dxc5 Bxc3+ {D38: Queen's Gambit Declined: Ragozin Defence (4 Nf3 Bb4)} 10. bxc3 (10. Qxc3 Qxc3+ 11. bxc3 Na6 12. O-O-O Be6 13. e4 dxe4 14. Bxa6 bxa6 15. Nd4 Rc8 16. c6 Bxa2 17. Rhe1 {1-0 (33) Melkumyan,H (2660)-Can,E (2588) Batumi 2018}) 10... O-O 11. Nd4 Be6 {The position is equal.} 12. g3 Nd7 13. Qxb7 Rab8 $146 ({Predecessor:} 13... Rfb8 14. Qc7 Rc8 15. Qf4 Rxc5 16. Bg2 Rxc3 17. O-O {½-½ (35) Wang,S (2267)-Xu,Y (2446) Qinhuangdao 2017}) 14. Qxa7 Qg6 {Hoping for ...Rb1+.} 15. f3 {Black must now prevent c6.} Ra8 16. Qc7 {And now c6 would win.} Rfc8 17. Qd6 {Threatens to win with c6.} Nxc5 18. Bg2 Ra6 19. Qe5 Nd7 {[%cal Bc5d7,Bd7b6,Bb6c4][%mdl 32]} 20. Qe3 Ra3 21. Rc1 Nb6 22. O-O Nc4 23. Qf4 Rxa2 24. Ra1 Rca8 25. Rxa2 Rxa2 26. Rd1 Rb2 27. h4 Kh7 28. Kh2 Rb1 29. Rc1 Rxc1 30. Qxc1 Qf6 31. f4 Qg6 32. f5 {[%mdl 64] [#] Deflection} Bxf5 33. Bxd5 Nb6 34. Bf3 Bg4 35. Bg2 Qd6 36. Qe3 {aiming for Qe4+.} g6 37. Nb5 Qe6 38. Qf4 {Strongly threatening Nd4.} Qf5 39. Qb4 {Nd6 is the strong threat.} Nd5 40. Bxd5 Qxd5 41. Qxg4 Qxb5 $14 {[%mdl 4096] Endgame KQ-KQ} 42. Qf3 Kg8 43. Kg2 h5 44. Qe4 Qc5 (44... Qb2 $142) 45. c4 Kg7 ({Better is} 45... Kf8) 46. Kf1 (46. Kf3 $142) 46... f6 $2 (46... Kf6 $16) 47. Kg2 (47. Qb7+ $18 {is the precise move to win.} Kf8 48. Qd5) 47... g5 $16 48. Qd5 Qe3 $2 {[%mdl 8192]} (48... Qe7 $16 {was worth a try.}) 49. Qf3 $18 Qc5 50. hxg5 Qxg5 51. Qb7+ Kh6 52. Qd5 Qe3 53. Qf3 Qe7 $2 (53... Qg5 54. Qc3 Kg6) 54. Kf2 Kg6 55. Qd5 Qb4 56. Qg8+ Kh6 57. Qe6 Kg6 (57... Kg7 $142 58. Qd5 Kf8) 58. Qd5 Kh6 59. Qc6 Kg6 60. Kg2 (60. Qb5 $142 Qd6 61. Qd5) 60... Qe7 {[#]} 61. Kf2 $2 {[%mdl 8192]} (61. Kf1 $1 $16) 61... Qb4 $1 62. Qe8+ Kg7 63. Qb5 ({Not} 63. Qxh5 Qxc4 64. Qf5 Qd4+ 65. Kf3 Qd1 $16) 63... Qc3 $2 (63... Qd2 64. Qxh5 Qd4+ 65. Kf3 Qc3+ 66. e3 Qd3) 64. Qd7+ Kh6 65. Qd3 Qb4 66. Qe3+ Kh7 $2 (66... Kg6 67. Qe8+ Kg7) 67. c5 h4 68. c6 hxg3+ 69. Kg2 Qa4 70. Qe6 {White mates.} Kg7 71. c7 Qa7 72. c8=Q {Accuracy: White = 60%, Black = 44%.} 1-0

[Event "CHN-ch Open 2019"]
[Site "Xinghua"]
[Date "2019.05.21"]
[Round "10.1"]
[White "Zhao, Jun"]
[Black "Xu, Yi"]
[Result "1-0"]
[WhiteElo "2621"]
[BlackElo "2546"]
[Annotator "TA"]
[PlyCount "77"]
[EventDate "2019.05.11"]
[EventType "tourn"]
[EventCountry "CHN"]
[SourceTitle "playchess.com"]
[Source "ChessBase"]
[SourceQuality "1"]

{[%evp 10,77,-5,-8,-3,-5,-4,-5,-6,-4,0,-16,-3,-7,-4,-31,-25,-68,-52,-65,-66,-54,-48,-80,-60,-67,-79,-78,-80,-95,-83,-93,-35,-38,-31,-23,0,0,15,14,40,28,64,64,73,71,69,53,48,34,68,52,105,68,84,58,114,149,372,379,442,412,534,530,489,420,559,547,738,728]} 1. e4 e5 2. Nf3 Nf6 3. Nc3 Nc6 4. g3 Bc5 5. Bg2 d6 6. d3 a5 {C26: Vienna Game: 2...Nf6, sidelines} (6... a6 7. O-O h6 8. h3 Be6 9. Kh2 d5 10. exd5 Nxd5 11. Nxe5 Nxe5 12. d4 Nxc3 13. bxc3 Qf6 14. dxc5 Rd8 15. Qh5 g6 16. Qh4 Nf3+ 17. Bxf3 Qxf3 {½-½ (76) Kamsky,G (2670)-Shirov,A (2652) Sochi 2018}) 7. O-O O-O 8. a4 $146 ({Predecessor:} 8. h3 h6 9. Be3 Bxe3 10. fxe3 Ne7 11. Nh4 c6 12. Kh2 Be6 13. d4 d5 14. Rxf6 gxf6 {0-1 (52) Utegaliev,A (2522)-Batchuluun,T (2525) Chengdu 2017}) 8... h6 {The position is equal.} 9. Nb5 Ne7 10. c3 c6 11. Na3 Ng6 $36 {[%mdl 2048] White is under pressure.} 12. Bd2 Re8 13. Qc2 d5 14. b4 axb4 15. cxb4 Bd6 16. Rfb1 Be6 17. a5 Qd7 18. Ne1 Bh3 19. Bh1 Rac8 20. Qb2 Bf8 (20... h5 $17) 21. Be3 $15 Ng4 22. Bb6 f5 23. b5 Nf6 {[%cal Rf5e4]} (23... fxe4 {is interesting.} 24. dxe4 Qf7 25. bxc6 Rxc6 26. exd5 Rxb6 27. Qxb6 Nxf2 28. Bg2 Bxg2 29. Nxg2 Nh3+) 24. bxc6 bxc6 25. a6 {[%cal Ba5a6,Ba6a7][%mdl 32]} fxe4 26. dxe4 Nxe4 27. Bxe4 dxe4 28. Nc4 {[%cal Ba3c4,Bc4e3,Be3g2][%mdl 32]} c5 29. a7 Ra8 30. Ne3 Nf4 (30... Qf7 $14) 31. gxf4 exf4 32. N3g2 Qg4 {[#] aiming for ...Bxg2.} 33. Bc7 $1 {[%cal Rc7f4]} f3 $2 {[#]} (33... Bxg2 $16 {was necessary.} 34. Nxg2 f3 {[%mdl 64] Pin}) 34. Qa2+ $1 $18 Kh7 {[%cal Rh3g2]} 35. Rb8 Qd7 36. Rxe8 Qxe8 37. Ne3 Be6 38. Qb1 Qg6+ 39. Bg3 {Accuracy: White = 65%, Black = 46%.} 1-0

[Event "CHN-ch Open 2019"]
[Site "Xinghua"]
[Date "2019.05.21"]
[Round "10.2"]
[White "Li, Shilong"]
[Black "Xu, Xiangyu"]
[Result "1/2-1/2"]
[WhiteElo "2507"]
[BlackElo "2583"]
[Annotator "TA"]
[PlyCount "19"]
[EventDate "2019.05.11"]
[EventType "tourn"]
[EventCountry "CHN"]
[SourceTitle "playchess.com"]
[Source "ChessBase"]
[SourceQuality "1"]

{[%evp 9,19,-23,-23,-22,-11,-5,0,-18,0,-12,0,-23]} 1. d4 Nf6 2. Bf4 b6 (2... d5 3. e3 c5 4. c3 Nc6 5. Nd2 Qb6 6. Qb3 Nh5 7. Qxb6 axb6 8. Bc7 cxd4 9. exd4 e5 10. Bxe5 Nxe5 11. dxe5 Bc5 12. g3 O-O {1-0 (76) Aronian,L (2765)-Caruana,F (2832) London 2018}) 3. Nc3 Bb7 4. Qd3 d5 5. Nf3 e6 6. Ne5 $146 {A45: Trompowsky Attack} ({Predecessor:} 6. Nd2 Bd6 7. g3 c5 8. Bxd6 Qxd6 9. Bg2 O-O 10. O-O Ba6 11. Nb5 Bxb5 12. Qxb5 cxd4 {1-0 (41) Artinyan,R (2044)-Jackson,T (2061) Riscle 2017}) 6... Nh5 {The position is equal.} 7. Bd2 Nf6 8. Bf4 Nh5 9. Bd2 Nf6 10. Bf4 1/2-1/2

[Event "CHN-ch Open 2019"]
[Site "Xinghua"]
[Date "2019.05.21"]
[Round "10.3"]
[White "Lu, Shanglei"]
[Black "Peng, Xiongjian"]
[Result "1-0"]
[WhiteElo "2606"]
[BlackElo "2451"]
[Annotator "TA"]
[PlyCount "91"]
[EventDate "2019.05.11"]
[EventType "tourn"]
[EventCountry "CHN"]
[SourceTitle "playchess.com"]
[Source "ChessBase"]
[SourceQuality "1"]

{[%evp 23,91,33,39,35,41,32,58,41,175,174,335,323,295,156,182,191,188,171,170,187,196,190,185,174,189,196,195,191,189,178,195,150,198,189,241,223,250,267,262,259,433,431,402,345,332,345,325,309,309,302,321,312,332,314,324,306,491,554,546,533,538,540,556,560,587,576,697,679,751,730]} 1. e4 e5 2. Nf3 Nc6 3. Bc4 Bc5 4. O-O Nf6 5. d3 d6 6. c3 O-O 7. Nbd2 a6 8. Bb3 Ba7 9. h3 Ne7 10. Re1 Ng6 11. Nf1 h6 ({Predecessor:} 11... c6 12. Ng3 h6 13. d4 Qc7 14. Be3 {1-0 (35) Sosa,T (2469)-Makhnev,D (2379) Tarvisio 2017}) 12. Ng3 Re8 13. d4 {C54: Giuoco Piano: 4 c3 Nf6, main lines with 5 d4 and 5 d3} c6 14. Be3 Qc7 $146 (14... exd4 15. Bxd4 c5 {½-½ (15) Andreikin,D (2719)-Mamedyarov,S (2817) St Petersburg 2018}) 15. Qd2 {White is slightly better.} Be6 {[#]} (15... exd4 $14 16. Bxd4 (16. Nxd4 Nxe4 17. Nxe4 Rxe4 $11) 16... Bxd4 17. cxd4 (17. Nxd4 c5 $11) 17... Be6) 16. Bxh6 $1 $18 {[%mdl 512]} Bxb3 $2 (16... Bb6) (16... gxh6 17. Qxh6) 17. Bxg7 $1 (17. axb3 gxh6 18. Nf5 (18. Qxh6 Qe7 $11) 18... Nf4 $14) 17... Nh7 18. axb3 (18. Qh6 $18 {aiming for Nf5.} f5 19. Bf6 (19. axb3 Qxg7 20. Qxg7+ Kxg7 $16) (19. Qxg6 Bf7 $18) (19. exf5 Qxg7 20. Qxg7+ Kxg7 $16) (19. Nxf5 Be6 $16)) 18... Kxg7 $16 {[#]} 19. Qh6+ $1 {[%mdl 512]} Kh8 ({And not} 19... Kxh6 20. Nf5+ Kh5 21. g4#) 20. Nh5 $1 {[%csl Gh5][%cal Rh6g7]} Rg8 {[#]} 21. Ng5 $1 {[%csl Gg5][%cal Rh6h7]} Ngf8 {[#]} 22. Qxd6 $1 ({But not} 22. Nxh7 $2 Rg6 $19) 22... Rc8 23. Qxe5+ $40 {[%mdl 128] White is out for blood.} f6 24. Qxc7 Rxc7 25. Nxh7 Nxh7 26. b4 Re7 27. f3 Bb8 28. Kf2 Rg6 (28... Nf8 $142 29. d5 (29. Nxf6 Bg3+ 30. Ke3 Rg6 $16) 29... cxd5) 29. Ra5 $18 Re6 30. f4 {Strongly threatening f5.} Rh6 31. g4 Rxh5 $2 (31... Kg8 32. Rf5 Bc7) 32. Rxh5 Bxf4 33. Rf5 Bc7 34. h4 Kg7 35. Ke3 Bg3 36. Rh1 Bd6 37. Kd3 Kg6 38. Rh3 Kg7 39. Re3 Re7 $2 (39... Re8 40. Re2 Rd8) 40. e5 {White is clearly winning.} fxe5 41. dxe5 Bc7 42. g5 Nf8 43. h5 Ne6 44. Ke4 Nf8 45. Kf3 Re6 46. g6 {Accuracy: White = 77%, Black = 29%.} 1-0

[Event "CHN-ch Open 2019"]
[Site "Xinghua"]
[Date "2019.05.21"]
[Round "10.4"]
[White "Wen, Yang"]
[Black "Xu, Jun"]
[Result "1/2-1/2"]
[WhiteElo "2602"]
[BlackElo "2487"]
[Annotator "TA"]
[PlyCount "71"]
[EventDate "2019.05.11"]
[EventType "tourn"]
[EventCountry "CHN"]
[SourceTitle "playchess.com"]
[Source "ChessBase"]
[SourceQuality "1"]

{[%evp 13,71,18,26,22,31,8,18,11,21,15,35,38,37,34,26,26,32,25,50,45,40,37,31,34,54,21,39,14,52,51,58,43,29,-5,29,13,38,0,0,11,47,0,0,0,20,30,14,0,0,0,0,0,0,0,0,0,0,0,0,0]} 1. e4 e5 2. Nf3 Nc6 3. Bc4 Bc5 4. c3 Nf6 5. d3 d6 6. O-O a6 7. a4 O-O 8. Re1 {C54: Giuoco Piano: 4 c3 Nf6, main lines with 5 d4 and 5 d3} h6 9. h3 Ba7 10. Nbd2 Be6 11. b4 Ne7 12. Bxe6 fxe6 13. Nf1 {[#]} Nh5 $146 ({Predecessor:} 13... Ng6 14. Ra2 Nh5 15. Be3 Bxe3 16. Rxe3 {1-0 (37) Carlsen,M (2832)-Bacrot,E (2708) Paris 2017}) 14. d4 Qe8 15. Be3 Ng6 16. Nxe5 Nxe5 17. dxe5 dxe5 18. Bxa7 Rxa7 19. Ne3 {[%cal Bf1e3,Be3c4,Bc4a5,Ba5b3][%mdl 32]} Nf4 20. Nc4 Qg6 {[%csl Gf4][%cal Rg6g2] [#]} 21. Qf3 Qg5 22. Na5 c5 23. Qg3 Rc8 (23... Qh5 {looks sharper.} 24. Kh1 cxb4 25. cxb4 Rf6 26. Qe3 Ra8) 24. Qxg5 hxg5 25. Nb3 cxb4 26. cxb4 Rc2 27. Rad1 b6 28. Rd8+ Kh7 29. Nd2 Rf7 30. Kh2 {The position is equal.} Kg6 31. Kg1 Kf6 {[#] ...Ke7 is the strong threat.} 32. Nf3 Ne2+ 33. Kh2 Nd4 34. Kg3 Nxf3 35. gxf3 Rb2 36. Ra8 {Accuracy: White = 58%, Black = 52%.} 1/2-1/2

[Event "CHN-ch Open 2019"]
[Site "Xinghua"]
[Date "2019.05.21"]
[Round "10.5"]
[White "Zhao, Yuanhe"]
[Black "Xu, Yinglun"]
[Result "0-1"]
[WhiteElo "2437"]
[BlackElo "2528"]
[Annotator "TA"]
[PlyCount "86"]
[EventDate "2019.05.11"]
[EventType "tourn"]
[EventCountry "CHN"]
[SourceTitle "playchess.com"]
[Source "ChessBase"]
[SourceQuality "1"]

{[%evp 14,86,16,11,11,4,3,3,12,-21,0,0,0,-22,0,-22,-14,-29,-33,-41,-46,-81,-77,-89,-20,-112,-111,-86,0,0,0,0,0,0,0,0,0,0,0,0,12,8,14,21,31,31,22,0,0,0,0,0,0,-15,16,-93,-82,-215,-191,-246,-231,-304,-310,-284,-195,-308,-293,-527,-504,-29982,-29983,-29983,-29984,-29983,-29984]} 1. Nf3 Nf6 2. c4 e6 3. g3 d5 4. Bg2 dxc4 5. Qa4+ c6 6. Qxc4 b5 7. Qc2 Bb7 8. O-O Nbd7 {A13: English Opening: 1...e6} (8... Be7 9. d3 O-O 10. a4 a6 11. Nc3 Nbd7 12. Rd1 Rc8 13. h3 Qb6 14. e4 c5 15. Be3 Rfd8 16. Rac1 h6 17. axb5 axb5 {1-0 (73) Duda,J (2737)-Karjakin,S (2773) chess.com INT 2018}) 9. d3 Be7 10. Nc3 O-O {The position is equal.} 11. Bd2 Rc8 12. Rfc1 $146 ({Predecessor:} 12. a4 b4 13. Nd1 c5 14. Ne3 e5 15. Rac1 e4 16. Ne1 {½-½ (27) Schott,R (2236)-Pavoni,F (2326) ICCF email 2010}) 12... h6 13. h3 Re8 14. a3 a6 15. Bf4 c5 16. a4 b4 17. Nd1 {[#]} e5 $1 {[%mdl 512]} 18. Be3 (18. Nxe5 Bxg2) 18... Nd5 (18... Qc7 $17) 19. Nd2 (19. Bd2 $11) 19... Nf8 $17 {[%cal Bd7f8,Bf8e6,Be6d4][%mdl 32]} 20. Nc4 Bg5 (20... Ne6 $17) 21. Bxg5 $11 hxg5 22. Qd2 Ne6 23. Nde3 (23. Nxe5 $2 Nd4 $19) 23... Nxe3 24. Bxb7 Nxc4 25. Rxc4 Rb8 26. Bg2 (26. Bxa6 $2 Qa5 $19) 26... Nd4 27. Qd1 Qd6 28. Rac1 Rbc8 29. e3 Ne6 30. Be4 g6 31. Qf3 Kg7 32. Bd5 Rcd8 33. e4 Rh8 34. Qg4 (34. Kg2 $11 {remains equal.}) 34... f5 $1 $36 {[%cal Rf5g4][%mdl 2048] Black is really pushing.} 35. Qf3 (35. Qd1 $17) 35... Nd4 $19 ({Stronger than} 35... Rxh3 36. Bxe6 g4 37. Qg2 $11) 36. Rxd4 (36. Qd1 $142) 36... exd4 ({Less strong is} 36... cxd4 37. Rc6 $15) 37. Bb3 fxe4 ({Not} 37... Rxh3 38. exf5 Rf8 39. Qb7+ Kh8 40. Qd5 $17) 38. Qxe4 Rxh3 39. Qf3 {[#]} (39. Re1 $142) 39... g4 $1 40. Qf7+ $2 (40. Qb7+ Rd7 41. Qe4) (40. Qxg4 Rdh8) 40... Kh6 {aiming for ...Rf8.} 41. Qe6 {[#]} (41. Rc2 $19 Qc6 42. Qf4+ Kh7 43. Qe4 Qxe4 44. dxe4) 41... Rxg3+ $1 {[%mdl 576] Demolition. Black mates.} 42. fxg3 Qxg3+ {[%mdl 64] Double Attack} 43. Kh1 Rf8 {Accuracy: White = 37%, Black = 70%.} 0-1

[Event "CHN-ch Open 2019"]
[Site "Xinghua"]
[Date "2019.05.21"]
[Round "10.6"]
[White "Liu, Yan"]
[Black "Bai, Jinshi"]
[Result "0-1"]
[WhiteElo "2502"]
[BlackElo "2605"]
[Annotator "TA"]
[PlyCount "80"]
[EventDate "2019.05.11"]
[EventType "tourn"]
[EventCountry "CHN"]
[SourceTitle "playchess.com"]
[Source "ChessBase"]
[SourceQuality "1"]

{[%evp 22,80,0,0,0,0,0,-4,0,0,0,0,2,1,4,0,10,0,0,0,0,0,0,-20,0,-64,-61,-62,-62,-61,-62,-62,-59,-175,-173,-166,-163,-164,-145,-184,-184,-175,-174,-176,-160,-277,-277,-446,-371,-1343,-1414,-1629,-1588,-1681,-1625,-1576,-1191,-29974,-29975,-29973,-397]} 1. d4 Nf6 2. c4 g6 3. Nc3 d5 4. cxd5 Nxd5 5. e4 Nxc3 6. bxc3 Bg7 7. Nf3 c5 8. Be3 ({Predecessor:} 8. Bb5+ Nc6 9. O-O O-O 10. Be3 {½-½ (18) Hlavica,B (2057)-Lizorkina,V (2092) LSS email 2011}) 8... Bg4 9. Bb5+ Nc6 {[%cal Bb8c6,Bc6e5,Be5f3][%mdl 32]} 10. O-O O-O 11. d5 Ne5 12. Be2 $1 Nxf3+ {D85: Exchange Grünfeld: Unusual White 7th moves and lines with 7 Nf3} 13. Bxf3 Bxf3 14. Qxf3 Bxc3 $146 {The position is equal.} (14... Qa5 15. Rac1 Rac8 16. Rc2 b5 17. Bg5 Rfe8 18. Qe3 Qa4 19. Rfc1 f6 20. Bf4 {½-½ (39) Banusz,T (2616)-Li,C (2751) Graz 2016}) 15. Rab1 b6 {[#]} 16. Bxc5 $1 {[%mdl 512]} Rc8 (16... bxc5 17. Qxc3) 17. Ba3 Qd7 18. Rfc1 Bd2 19. Rxc8 Rxc8 20. Qd1 Bf4 21. g3 Bd6 22. Bb2 Rc4 23. Qd3 (23. Rc1 $11 Rxe4 24. Qc2) 23... Qa4 $15 24. e5 Bc5 {And now ...Rc2 would win.} 25. Rd1 $1 Qxa2 26. Rd2 {d6 is the strong threat.} Rb4 $1 $36 {[%cal Rb4b2][%mdl 2048] Black has the initiative.} 27. Qc2 {[#]} (27. Qe2 $15) 27... Bd4 $1 $19 {[%mdl 512]} 28. Bxd4 Qxc2 {[%mdl 64] Overworked Piece} 29. Rxc2 Rxd4 {[%mdl 4096] Endgame KR-KR} 30. Rc8+ Kg7 31. Rc7 Rxd5 {Threatens to win with ...a5.} 32. Rxe7 a5 {[%cal Ba7a5,Ba5a4,Ba4a3,Ba3a2][%mdl 32] aiming for ...a4.} 33. e6 (33. Rb7 $17) 33... Kf6 34. Rxf7+ $2 (34. Rb7 Kxe6 35. Rxb6+ Rd6 36. Rb1) 34... Kxe6 35. Rxh7 $2 (35. Ra7 Rd7 36. Ra8) 35... a4 36. Rg7 Kf6 37. Rc7 a3 38. Rc6+ Kf5 39. Rxb6 a2 40. Ra6 Rd1+ {Accuracy: White = 49%, Black = 87%.} 0-1

[Event "CHN-ch Open 2019"]
[Site "Xinghua"]
[Date "2019.05.22"]
[Round "11.1"]
[White "Bai, Jinshi"]
[Black "Zhao, Jun"]
[Result "0-1"]
[WhiteElo "2605"]
[BlackElo "2621"]
[Annotator "TA"]
[PlyCount "127"]
[EventDate "2019.05.11"]
[EventType "tourn"]
[EventCountry "CHN"]
[SourceTitle "playchess.com"]
[Source "ChessBase"]
[SourceQuality "1"]

{[%evp 13,127,8,15,13,8,5,24,14,24,25,26,18,60,58,63,48,74,81,80,83,83,83,82,78,78,77,80,70,70,70,83,27,30,0,0,0,0,0,0,0,0,0,0,-14,-14,-14,-14,-14,-14,-14,-14,-239,-80,-415,-413,-372,-351,-517,-80,-80,-80,-80,-80,-80,-80,-80,-80,-80,-80,-80,-60,-79,-79,-80,-79,-200,-200,-328,-320,-288,-281,-273,-258,-258,-243,-236,-220,-516,-220,-220,-220,-206,-200,-5065,-521,-241,-116,-521,-8,-521,-521,-639,-807,-830,-817,-669,-585,-530,0,0,0,-547,-460,-29965,-29972,-29971]} 1. d4 Nf6 2. c4 e6 3. g3 d5 4. Bg2 Bb4+ 5. Nd2 O-O 6. Ngf3 b6 7. O-O Bb7 8. b3 {E16: Queen's Indian: 4 g3 Bb7 5 Bg2 Bb4+} (8. a3 Be7 9. cxd5 exd5 10. b4 a5 11. b5 c6 12. bxc6 Nxc6 13. Bb2 b5 14. e3 a4 15. Qb1 Qb6 16. Rc1 Rfc8 17. Ne5 h6 {1-0 (48) So,W (2780)-Vidit,S (2718) chess.com INT 2018}) 8... Nbd7 9. Bb2 Qe7 10. Rc1 $146 {White has an edge.} ({Predecessor:} 10. Ne5 Rfd8 11. Nd3 Bd6 12. e3 Rab8 13. Rc1 Ne4 14. cxd5 exd5 15. Re1 c5 16. dxc5 bxc5 {0-1 (34) Meier,G (2621)-Hou,Y (2649) Karlsruhe/Baden-Baden 2017}) 10... Rfc8 11. Ne5 Nxe5 12. dxe5 Ne4 13. Nxe4 dxe4 14. Qc2 Rd8 15. Rcd1 ({Reject} 15. Bxe4 $6 Rd2 $15) 15... Rxd1 16. Rxd1 Rd8 17. a3 $1 Rxd1+ 18. Qxd1 Bxa3 19. Bxa3 Qxa3 20. Qd8+ Qf8 21. Qxc7 Qa8 22. g4 ({White should play} 22. e3 $16) 22... h6 23. h4 Bc6 24. Kh2 b5 25. cxb5 Bxb5 26. e3 a5 27. Kg3 Bd3 28. g5 hxg5 29. hxg5 g6 30. Kf4 Qd5 31. Qc3 Kg7 32. Kg3 $2 (32. Qc7 $11) 32... Qd8 $2 (32... Be2 $19 {is more deadly.} 33. Qc7 Bd1) 33. Kf4 $2 {[%mdl 8192]} (33. Kh2 $17 {is tougher.}) 33... Qh8 $1 $19 {[%cal Rh8h4]} 34. Kg3 Qh5 35. Qxa5 (35. f4 $142 exf3 36. Bxf3 Qxg5+ {[%mdl 64] Double Attack} 37. Kf2 Qh4+ 38. Kg2) 35... Qxg5+ $2 (35... Be2 $1 $19 36. Qa1 Bf3) 36. Kh2 $17 Be2 37. Qa8 Qh5+ 38. Kg1 Bf3 $1 39. Qa1 {[#]} Qg5 $1 {[%csl Gf3][%cal Rg5g2][%mdl 512]} 40. Qf1 Qxe5 41. b4 Kf8 42. b5 Ke7 43. b6 Qa5 44. b7 (44. Qc4 $17 {keeps fighting.} Qxb6 45. Bxf3 exf3 46. Qe4) 44... Qb6 $1 $19 45. Bxf3 (45. Qc4 {might work better.} Qxb7 46. Bxf3 exf3 47. Qh4+ Kd7 48. Kh2) 45... exf3 {[%mdl 4096] Endgame KQ-KQ} 46. Qh3 Qxb7 47. Qh4+ Kd7 48. Kh2 Qc7+ 49. Kh3 Qe5 50. Qb4 $2 (50. Qa4+ Ke7 51. Kg4) 50... Qf5+ (50... Ke8 $142 51. Qa4+ Kf8) 51. Kg3 e5 $1 52. Qb7+ Ke6 53. Qc8+ $2 (53. e4 Qf4+ 54. Kh3) 53... Kf6 (53... Ke7 $142 54. Qc7+ Kf8 55. Qd8+ Kg7) 54. Qh8+ Ke7 {Strongly threatening ...e4.} 55. Qh4+ {[#]} g5 $2 (55... Ke6 $1 $19 56. e4 Qf6 57. Qh3+ Ke7) 56. Qb4+ $2 {[%mdl 8192]} (56. Qh6 $1 $11) 56... Kf6 57. Qf8 e4 58. Qh8+ {[#]} Ke7 $1 59. Qg7 Ke6 60. Qf8 Kf6 $2 ({Better is} 60... Kd7 $19 {And now ...Qe6 would win.} 61. Qg7 Ke6) 61. Qh8+ $1 $11 Ke7 {Hoping for ...Qd5.} 62. Qb8 $2 {[%mdl 8192]} (62. Qg7 $1 $11 {and White stays safe.} Ke6 63. Qf8) 62... Qe6 {...Qd6+ is the strong threat.} 63. Qc7+ (63. Qb2 $19 f6 64. Qb7+ Ke8 65. Qh7) 63... Kf6 64. Qd8+ {Accuracy: White = 44%, Black = 54%.} 0-1